Othello /
Después de varios desencuentros en Hollywood, Orson Welles, un apasionado de las obras de William Shakespeare, viajaría a Europa para realizar una adaptación fílmica de Otelo, tragedia acerca de un moro que se casa con la bella Desdémona pero cuyo amor se nubla de celos inducidos por el manipulativo...
Gespeichert in:
| 1. Verfasser: | |
|---|---|
| Weitere Verfasser: | , , , , , , , , , , |
| Format: | |
| Sprache: | Englisch |
| Schriftenreihe: | (Criterion Collection ;
870/1) |
| Schlagworte: | |
| Tags: |
Keine Tags, Fügen Sie das erste Tag hinzu!
|
MARC
| LEADER | 00000ngm^a2200000^a^4500 | ||
|---|---|---|---|
| 001 | 000437453 | ||
| 005 | 20250521000000.0 | ||
| 008 | 220204 20172017 | ||
| 009 | 20260310123221.923 | ||
| 020 | |a 978-1-68143-302-8 | ||
| 037 | |a Acervo ITESO - Biblioteca | ||
| 041 | |a ING | ||
| 082 | |a 808. 8 |b CRI V. 870 T. 1 | ||
| 100 | |a Welles, Orson |e (realización) | ||
| 240 | 1 | 1 | |a [Otelo] |
| 240 | 1 | 1 | |a [Otelo. Adaptaciones] |
| 240 | 1 | 1 | |a [Otelo, de Orson Welles] |
| 245 | 1 | 0 | |a Othello / |c Realización de O. Welles. |
| 246 | 2 | |a Título en México: no conocido/no identificado | |
| 246 | 2 | |a Título alternativo en español (España): Otelo | |
| 264 | 2 | |a Nueva York, EUA : |b Criterion Collection [distribución], |c 2017, c2017 | |
| 300 | |a 1 blu-ray región A (93, 91 min.) : |b blanco y negro | ||
| 336 | |a imagen móvil bidimensional |b tdi |2 rdacontenido | ||
| 337 | |a video |b v |2 rdamedio | ||
| 338 | |a videodisco |b vd |2 rdasoporte | ||
| 440 | 1 | |a (Criterion Collection ; |v 870/1) | |
| 500 | |a Basado en: Otelo, de William Shakespeare | ||
| 520 | |a Después de varios desencuentros en Hollywood, Orson Welles, un apasionado de las obras de William Shakespeare, viajaría a Europa para realizar una adaptación fílmica de Otelo, tragedia acerca de un moro que se casa con la bella Desdémona pero cuyo amor se nubla de celos inducidos por el manipulativo alférez Iago. El escaso presupuesto y las condiciones de producción (locaciones en distintos países, los actores eran despedidos, la mayoría de las voces tuvieron que doblarse) llevarían a que la producción tardara tres años en desarrollar el proyecto, pero también a que Welles recurriera a una inventiva propia de su talento. La edición de Criterion Collection incluye tanto la versión europea del filme, de 1952 y que ganó ex aequo en el Festival de Cine de Cannes, y la versión que se estrenó en 1955 en Estados Unidos, con unos minutos más de duración. | ||
| 546 | |a En inglés, con subtítulos opcionales: inglés | ||
| 586 | |a Festival Internacional de Cine de Cannes (5°: 1952): Premio a la Mejor Película (Gran Premio), ex-aequo con Dos centavos de esperanza (Renato Castellani, 1952) | ||
| 649 | |a XX | ||
| 650 | |a Dramas Cinematográficos | ||
| 650 | |a Cine en Blanco y Negro - |z EUA | ||
| 650 | |a Cine Norteamericano - |y 1950-1959 | ||
| 650 | |a Cine Norteamericano - |y Siglo XX | ||
| 650 | |a Cine Italiano - |y 1950-1959 | ||
| 650 | |a Cine Italiano - |y Siglo XX | ||
| 650 | |a Tragedia Inglesa - |x Adaptaciones para Cine | ||
| 650 | |a Teatro Inglés - |x Adaptaciones para Cine | ||
| 650 | |a Literatura Inglesa - |y Siglo XVII - |x Adaptaciones para Cine | ||
| 650 | |a Literatura Inglesa - |y Hasta 1700 - |x Adaptaciones para Cine | ||
| 650 | |a Literatura y Cine | ||
| 650 | |a Celos - |x Tema Principal | ||
| 650 | |a Amor | ||
| 650 | |a Relaciones de Pareja | ||
| 650 | |a Relaciones Intergénero | ||
| 650 | |a Racismo | ||
| 650 | |a Conspiración | ||
| 650 | |a Traición | ||
| 650 | |a Venganza | ||
| 650 | |a Uxoricidio | ||
| 650 | |a Asesinato | ||
| 650 | |a Suicidio | ||
| 650 | |a Venecia, Italia en el Cine | ||
| 700 | |a Welles, Orson |e (guión) | ||
| 700 | |a Brizzi, Anchise |e (fotógrafo) | ||
| 700 | |a Matteis, Maria De |e (vestuario) | ||
| 700 | |a Csepreghy, Jenö |e (montaje) | ||
| 700 | |a Lavagnino, Angelo Francesco |e (música) | ||
| 700 | |a Barberis, Alberto |e (música) | ||
| 700 | |a Welles, Orson |e (actuación) | ||
| 700 | |a MacLiammóir, Micheál |e (actuación) | ||
| 700 | |a Cloutier, Suzanne |e (actuación) | ||
| 700 | |a Bogdanovich, Peter |e (comentarios) | ||
| 700 | |a Meisel, Myron |e (comentarios) | ||
| 740 | 0 | |a Othello : |b [1952 Version] |c Realización de O. Welles. | |
| 740 | 0 | |a Othello : |b [1955 Version] / |c Realización de O. Welles ; comentarios de P. Bogdanovich, M. Meisel. | |
| 910 | |a Fondo General | ||
| 920 | |a Audiovisuales - Blu-rays | ||
| 940 | |a Películas | ||
| 905 | |a 309 | ||
| 901 | |a 0500363560 |b IT2 |c BRR |i C161611 |u 20250521 | ||
| 902 | |a https://opac.biblio.iteso.mx/vufind/Record/000437453 | ||